Márciusi harci dal

Elmentve itt :
Bibliográfiai részletek
Szerző: Hegedűs Géza
Dokumentumtípus: Cikk
Megjelent: 1950
Sorozat:Honvéd : katonai folyóirat 5 No. 3
Kulcsszavak:Hadtudomány
Online Access:http://misc.bibl.u-szeged.hu/14896
LEADER 00535nab a2200169 i 4500
001 misc14896
005 20191106141733.0
008 170607s1950 hu o 0|| hun d
040 |a SZTE Miscellanea Repozitórium  |b hun 
041 |a hun 
100 1 |a Hegedűs Géza 
245 1 0 |a Márciusi harci dal  |h [elektronikus dokumentum] /  |c  Hegedűs Géza 
260 |c 1950 
300 |a 2 
490 0 |a Honvéd : katonai folyóirat  |v 5 No. 3 
695 |a Hadtudomány 
856 4 0 |u http://misc.bibl.u-szeged.hu/14896/1/honved_005_003_002.pdf  |z Dokumentum-elérés